LEADER 00975cam0 22002531 450 001 SOBE00077894 005 20231106124333.0 100 $a20231106d1953 |||||ita|0103 ba 101 $aeng$aita 102 $aGB 200 1 $aLeopardi$ea study in solitude$fby Iris Origo 210 $aLondon$cH. Hamilton$d1953 215 $aXV, 305 p., [10] c. di tav.$d22 cm 500 10$aLeopardi : a study in solitude$3SOBA00028694$913570 700 1$aOrigo$b, Iris$3A600200041650$4070$010504 801 0$aIT$bUNISOB$c20231106$gRICA 850 $aUNISOB 852 $aUNISOB$jBiografie$m179117 912 $aSOBE00077894 940 $aM 102 Monografia moderna SBN 941 $aM 957 $xFondo|Leopardiano$aBiografie$b000035$gCON$d179117$n20230322$hFondoLeopardiano$rdono$1bethb$2UNISOB$3UNISOB$420231106123338.0$520231106124333.0$6bethb$fPer le modalità di consultazione vedi homepage della Biblioteca link Fondi 996 $aLeopardi: a study in solitude$913570 997 $aUNISOB